LIBRARY & INFORMATION CENTRE, KCAET, TAVANUR

ONLINE PUBLIC ACCESS CATALOGUE (OPAC)

Diction of poetry from spenser to bridges / (Record no. 11988)

MARC details
000 -LEADER
fixed length control field 00381cam a2200145ua 4500
041 ## - LANGUAGE CODE
Language code of text/sound track or separate title eng
082 ## - DEWEY DECIMAL CLASSIFICATION NUMBER
Classification number 828.09
Item number GRO/DI
100 ## - MAIN ENTRY--AUTHOR NAME
Personal name Groom , Bernad .
245 ## - TITLE STATEMENT
Title Diction of poetry from spenser to bridges /
260 ## - PUBLICATION, DISTRIBUTION, ETC. (IMPRINT)
Place of publication :
Name of publisher University of Tornoto ,
Year of publication 1960.
300 ## - PHYSICAL DESCRIPTION
Number of Pages 284 ; .
Holdings
Withdrawn status Lost status Damaged status Home library Current library Date acquired Full call number Accession Number Koha item type
Withdrawn     KAUAET Sanskrit University 07/04/2012 828.09 5246 Books
free website counter